<?xml version="1.0" encoding="UTF-8"?>
<record
    xmlns:xsi="http://www.w3.org/2001/XMLSchema-instance"
    xsi:schemaLocation="http://www.loc.gov/MARC21/slim http://www.loc.gov/standards/marcxml/schema/MARC21slim.xsd"
    xmlns="http://www.loc.gov/MARC21/slim">

  <leader>01969nam#a2200265   4500</leader>
  <controlfield tag="001">9781456293642</controlfield>
  <controlfield tag="003">VST</controlfield>
  <controlfield tag="005">20250425090631.0</controlfield>
  <controlfield tag="006">m     o  d        </controlfield>
  <controlfield tag="007">cr#un#---uucau</controlfield>
  <controlfield tag="008">230410s2023    MEX                     d</controlfield>
  <datafield tag="020" ind1=" " ind2=" ">
    <subfield code="a">9781456293642</subfield>
  </datafield>
  <datafield tag="040" ind1=" " ind2=" ">
    <subfield code="a">VST</subfield>
    <subfield code="c">VST</subfield>
    <subfield code="d">VST</subfield>
  </datafield>
  <datafield tag="100" ind1="1" ind2=" ">
    <subfield code="a">Edward J. Blocher, Paul E. Juras, Steven D. Smith</subfield>
    <subfield code="e">author</subfield>
  </datafield>
  <datafield tag="245" ind1="1" ind2="0">
    <subfield code="a">Administraci&#xF3;n de costos. Un enfoque estrat&#xE9;gico, 9th Edition</subfield>
  </datafield>
  <datafield tag="250" ind1=" " ind2=" ">
    <subfield code="a">ninth edition</subfield>
  </datafield>
  <datafield tag="260" ind1=" " ind2=" ">
    <subfield code="a">Mexico :</subfield>
  </datafield>
  <datafield tag="264" ind1=" " ind2="1">
    <subfield code="a">Mexico :</subfield>
    <subfield code="b">McGraw-Hill Interamericana,</subfield>
    <subfield code="c">2023</subfield>
  </datafield>
  <datafield tag="300" ind1=" " ind2=" ">
    <subfield code="a">1 online resource</subfield>
  </datafield>
  <datafield tag="336" ind1=" " ind2=" ">
    <subfield code="a">text</subfield>
    <subfield code="b">txt</subfield>
    <subfield code="2">rdacontent</subfield>
  </datafield>
  <datafield tag="337" ind1=" " ind2=" ">
    <subfield code="a">computer</subfield>
    <subfield code="b">c</subfield>
    <subfield code="2">rdamedia</subfield>
  </datafield>
  <datafield tag="520" ind1=" " ind2=" ">
    <subfield code="a">La novena edici&#xF3;n contin&#xFA;a la tradici&#xF3;n de incluir el marco de cinco pasos para la toma de decisiones con un &#xE9;nfasis estrat&#xE9;gico en todo el texto. Proporciona extensos ejemplos del mundo real acerca de c&#xF3;mo los sistemas de gesti&#xF3;n de costos pueden agregar valor a la organizaci&#xF3;n. Los recuadros de "Enfoque en el mundo real" a lo largo del texto toman organizaciones reales y demuestran la estrategia en acci&#xF3;n y el papel que juega la administraci&#xF3;n de costos en el apoyo a la estrategia de la organizaci&#xF3;n. Se ha desarrollado material para tareas que refuerza de manera efectiva los conceptos, procedimientos y temas estrat&#xE9;gicos presentados en cada cap&#xED;tulo. Tiene una o m&#xE1;s asignaciones de fin de cap&#xED;tulo que se enfocan en cuestiones &#xE9;ticas o que tratan con un contexto internacional o un entorno de servicio (es decir, no manufacturero). Tambi&#xE9;n incluye ejercicios y problemas que relacionan la cobertura tem&#xE1;tica con el tema general de la sustentabilidad. Cuando corresponde, los cap&#xED;tulos tienen asignaciones basadas en lecturas de publicaciones peri&#xF3;dicas como Strategic Finance, Management Accounting Quarterly, The Wall Street Journal y Harvard Business Review.</subfield>
  </datafield>
  <datafield tag="856" ind1="4" ind2="0">
    <subfield code="u">https://resolver.vitalsource.com/9781456293642</subfield>
  </datafield>
  <datafield tag="942" ind1=" " ind2=" ">
    <subfield code="c">RAA</subfield>
  </datafield>
  <datafield tag="952" ind1=" " ind2=" ">
    <subfield code="0">0</subfield>
    <subfield code="1">0</subfield>
    <subfield code="4">0</subfield>
    <subfield code="7">0</subfield>
    <subfield code="8">MGH</subfield>
    <subfield code="a">BD-UIN</subfield>
    <subfield code="b">BD-UIN</subfield>
    <subfield code="d">2025-04-25</subfield>
    <subfield code="l">0</subfield>
    <subfield code="r">2025-04-25</subfield>
    <subfield code="w">2025-04-25</subfield>
    <subfield code="y">RAA</subfield>
  </datafield>
  <datafield tag="999" ind1=" " ind2=" ">
    <subfield code="c">229110</subfield>
    <subfield code="d">229110</subfield>
  </datafield>
</record>
